书目信息 |
| 题名: |
机械制图习题集
|
|
| 作者: | 张素琴 编 | |
| 分册: | ||
| 出版信息: | 天津 天津大学出版社 1994.08 |
|
| 页数: | 92页 | |
| 开本: | 16开 | |
| 丛书名: | ||
| 单 册: | ||
| 中图分类: | ||
| 科图分类: | ||
| 主题词: | 机械制图:计算机制图 | |
| 电子资源: | ||
| ISBN: | 7-5618-0656-6 | |
| 000 | 00579nam0 2200205 45 | |
| 001 | 9911021079 | |
| 005 | 20001011103618.0 | |
| 010 | @a7-5618-0656-6@d13.00元 | |
| 100 | @a19991102d1994 km y0chiy0120 ea | |
| 101 | @achi | |
| 105 | @a z 000yy | |
| 200 | 1 | @a机械制图习题集@AJi Xie Zhi Tu Xi Ti Ji@f张素琴等编@FZhang Su Qin Deng Bian |
| 210 | @a天津@c天津大学出版社@d1994.08 | |
| 215 | @a92页@d16开 | |
| 606 | 0 | @a机械制图:计算机制图 |
| 690 | @v3 | |
| 690 | @aTH126-43@v3 | |
| 701 | @a张素琴@4编 | |
| 801 | @aCN@bPFTUser@c19991102 | |
| 905 | @dTH126-43@eZH690@b175344-345@f2 | |
| 机械制图习题集/张素琴等编.-天津:天津大学出版社,1994.08 |
| 92页;16开 |
| ISBN 7-5618-0656-6:13.00元 |
| ● |
| 相关链接 |
|
|
|
正题名:机械制图习题集
索取号:TH126-43/ZH690
 
预约/预借
| 序号 | 登录号 | 条形码 | 馆藏地/架位号 | 状态 | 备注 |
| 1 | 175344 | 201753441 | 期刊室512/501自科库 36排2列5层/ [索取号:TH126-43/ZH690] | 在馆 | |
| 2 | 175345 | 201753450 | 自科库501/501自科库 36排2列5层/ [索取号:TH126-43/ZH690] | 在馆 |